000 04393cgm a2200901 i 4500
001 on1198451394
003 OCoLC
005 20201109101223.0
007 vd cvaizq
008 201001p20202019xxu423 vleng d
040 _aTEFMT
_beng
_erda
_cTEFMT
_dOCLCO
_dTEF
_dOCP
_dOCLCF
_dUINTA
024 1 _a767685163900
028 4 2 _aCIN DHM6390D
_bHallmark
035 _a(OCoLC)1198451394
037 _bMidwest Tape
_nhttp://www.midwesttapes.com
041 0 _aeng
_jeng
_heng
043 _an-usp--
046 _as
_k2019
_2edtf
050 4 _aPN1992.77
_b.W44 2020
082 0 4 _a791.45/75
_223
049 _aUCLB
130 0 _aWhen hope calls (Television program).
_nSeason 1.
_96384360
245 1 0 _aWhen hope calls.
_nSeason 1.
250 _aLimited edition.
264 1 _a[United States] :
_bHallmark,
_c[2020]
300 _a2 videodiscs (423 min.) :
_bsound, color ;
_c4 3/4 in.
336 _atwo-dimensional moving image
337 _avideo
338 _avideodisc
344 _adigital
_2rdatr
344 _boptical
_2rdarm
344 _gsurround
_2rdacpc
344 _hDolby digital 5.1
346 _bNTSC
_2rdabs
347 _avideo file
_2rdaft
347 _bDVD video
380 _aTelevision programs
_2lcgft
538 _aDVD, NTSC region 1; wide screen; Dolby digital 5.1.
546 _aEnglish dialogue; Closed captioned and subtitled for the deaf and hard of hearing.
500 _aTitle from disc label.
511 1 _aJocelyn Hudon, Morgan Kohan, Ryan-James Hatanaka, Greg Hovanessian, Wendy Crewson, Neil Crone, Elizabeth Saunders.
500 _aOriginally broadcast as single episodes of a television program in 2019.
500 _aWide screen.
521 8 _aTV rating: TV-G.
520 _aLillian and Grace are sisters who open an orphanage in the 1916 Western town of Brookfield. As the two are caught between the traditions of cattle ranchers and the ambitions of a growing town, they strive to find romance and happiness while overcoming the challenges of helping the children in their care. Throughout their journey, they discover community, acceptance and love as they create the family they always longed to have.
505 0 _adisc 1. Episode 1: New hope ; Episode 2: From the ashes ; Episode 3: Out of the past ; Episode 4: Lost and found ; Episode 5: A house united --
505 8 _adisc 2. Episode 6: The search ; Episode 7: Surprise ; Episode 8: About a girl ; Episode 9: House in order ; Episode 10: Where hope goes.
500 _a"A Hallmark Channel original series"--Container.
500 _a"The heartwarming spin-off of When calls the heart"--Container.
650 0 _aSisters
_vDrama.
_95712045
650 0 _aRanchers
_vDrama.
_96384361
650 0 _aOrphanages
_vDrama.
_95706846
650 0 _aCommunities
_vDrama.
_96362065
650 0 _aFrontier and pioneer life
_zWest (U.S.)
_vDrama.
_95745852
651 0 _aWest (U.S.)
_y20th century
_vDrama.
_96384362
650 7 _aCommunities.
_2fast
_0(OCoLC)fst01430092
_96384363
650 7 _aFrontier and pioneer life.
_2fast
_0(OCoLC)fst00935370
_96384364
650 7 _aOrphanages.
_2fast
_0(OCoLC)fst01048423
_96384365
650 7 _aRanchers.
_2fast
_0(OCoLC)fst01089749
_96384366
650 7 _aSisters.
_2fast
_0(OCoLC)fst01119758
_96384367
651 7 _aWest United States.
_2fast
_0(OCoLC)fst01243255
_96384368
648 7 _a1900-1999
_2fast
_95675279
655 7 _aDrama.
_2fast
_0(OCoLC)fst01423879
_96384369
655 7 _aFiction television programs.
_2fast
_0(OCoLC)fst01710265
_95673656
655 7 _aTelevision programs.
_2fast
_0(OCoLC)fst01726253
_96384370
655 7 _aTelevision programs for the hearing impaired.
_2fast
_0(OCoLC)fst01710267
_95673659
655 7 _aVideo recordings for the hearing impaired.
_2fast
_0(OCoLC)fst01710450
_96384371
655 7 _aTelevision programs.
_2lcgft
_96384370
655 7 _aFiction television programs.
_2lcgft
_95673656
655 7 _aVideo recordings for the hearing impaired.
_2lcgft
_96384371
655 7 _aTelevision programs for the hearing impaired.
_2lcgft
_95673659
700 1 _aHudon, Jocelyn,
_d1994-
_eactor.
_96384372
700 1 _aKohan, Morgan,
_eactor.
_96384373
700 1 _aHatanaka, Ryan-James,
_eactor.
_96384374
700 1 _aHovanessian, Greg,
_eactor.
_96384375
710 2 _aHallmark Channel (Television network),
_epublisher.
_95690645
994 _aC0
_bUINTA
999 _c355449
_d355449